| 000 | 01093nam a2200229Ia 4500 | ||
|---|---|---|---|
| 003 | Ost | ||
| 005 | 20260507075350.0 | ||
| 008 | 260507s9999||||xx |||||||||||||| ||und|| | ||
| 020 | _a47452499579 | ||
| 040 | _cfsecg | ||
| 041 | _aara | ||
| 082 | _a330 | ||
| 100 |
_aالحريري، محمد سرور _eمؤلف |
||
| 245 | 0 |
_aاستراتيجيات إدارة التسويق الدولي والعالمي : _bمدخل علمي متكامل لإدارة التسويق الدولي والعالمي / _c محمد سرور الحريري |
|
| 260 |
_aعمان: _bدار صفاءللنشر والتوزيع, _c2012 |
||
| 300 |
_a184 صفحة؛ _bإيضاحات ؛ _c24 سم |
||
| 520 | _aمدخل عام لإدارة التسويق الدولي والعالمي - إستراتيجيات التسويق الدولي والعالمي المعاصر الحديث - الإستراتيجيات الحديثة في منظمات التسويق الدولية | ||
| 653 | _aإدارة المبيعات | ||
| 653 | _aالتسويق | ||
| 653 | _aالتسويق الدولي | ||
| 942 | _cكتاب | ||
| 999 |
_c44132 _d44132 |
||